000 00651nam a22002417a 4500
003 UA-OsUOA
001 20730
007 ta
008 20031103b un ||||| |||| 00| 0 ukr d
100 _aЛурье А.Я.
090 _a32:929
_bЛ86
942 _cBK
040 _aUA-OsUOA
_brus
_cUA-OsUOA
_dUA-OsUOA
245 _aПортреты деятелей парижской коммуны
300 _a418 с.
_bІлюстрації
955 _a0
041 _arus
080 _a32:929
260 _aМосква
_bГос. изд-во Политической литературы
_c1956
044 _aRU
650 7 _2UDC
999 _c306911
_d306911